| 000 | 00444nam a2200157Ia 4500 | ||
|---|---|---|---|
| 008 | 191130s2009##################000#0#eng## | ||
| 020 | _a9781742169491 | ||
| 040 |
_aACL _cACL |
||
| 082 | _a658.800285 EVA | ||
| 100 | _aEvans, Rich | ||
| 245 |
_aClick here: make the internet work for your business _cRich Evans |
||
| 260 |
_aAustralia _bWrightbooks _c2009 |
||
| 990 | _a4cf1bbd0ac10000c4187a17dae26ef61 | ||
| 991 | _a89148 | ||
| 999 |
_c130683 _d130683 |
||